000
00238nam a2200097Ia 4500
008
240331s9999 xx 000 0 und d
082
_a
301
_b
JOS
100
_a
Joseph,R
245
0
_a
Amaippiyam, amaippiya vathankal mayl amaippiyam
942
_c
L
999
_c
1076
_d
1076